| 000 | 00000nam 2200000zi 4500 |
| 001 | 9.948050 |
| 003 | CaOODSP |
| 005 | 20250522084834 |
| 006 | m o d f |
| 007 | cr mn||||||||| |
| 008 | 250214t20252025onc ob f000 0 eng d |
| 020 | |a9780660731810 |
| 040 | |aCaOODSP|beng|erda|cCaOODSP |
| 043 | |an-cn--- |
| 086 | 1 |aHP5-259/2024E-PDF |
| 245 | 00|aChildhood immunization coverage survey among key populations (KPCICS) : |brecent immigrant parents - 2024 : methodological report / |cprepared for the Public Health Agency of Canada. |
| 264 | 1|a[Ottawa] : |bPublic Health Agency of Canada = Agence de la santé publique du Canada, |c2025. |
| 264 | 4|c©2025 |
| 300 | |a1 online resource (50 pages) |
| 336 | |atext|btxt|2rdacontent |
| 337 | |acomputer|bc|2rdamedia |
| 338 | |aonline resource|bcr|2rdacarrier |
| 500 | |aIssued also in French under title: Enquête sur la couverture vaccinale des enfants dans les populations clés (ECVEPC) - parents immigrants récents - 2024 : rapport méthodologique. |
| 500 | |a"Supplier name: Advanis Inc." |
| 500 | |a"Contract number: 6D142-23-5463." |
| 500 | |a"Registration number: POR 123-23." |
| 500 | |a"February 2025"--Page 3. |
| 504 | |aIncludes bibliographical references. |
| 650 | 0|aImmigrant children|xDiseases|zCanada|xPrevention|xPublic opinion. |
| 650 | 0|aVaccination of children|zCanada|xPublic opinion. |
| 650 | 0|aCOVID-19 (Disease)|xVaccination|zCanada|xPublic opinion. |
| 650 | 0|aVaccines|zCanada|xPublic opinion. |
| 650 | 0|aCOVID-19 vaccines|zCanada|xPublic opinion. |
| 650 | 0|aPublic opinion|zCanada. |
| 650 | 0|aParents|zCanada|xAttitudes. |
| 650 | 0|aImmigrants|zCanada|xAttitudes. |
| 710 | 2 |aPublic Health Agency of Canada, |eissuing body. |
| 710 | 2 |aAdvanis (Firm), |econsultant. |
| 775 | 08|tEnquête sur la couverture vaccinale des enfants dans les populations clés (ECVEPC) - parents immigrants récents - 2024 : |w(CaOODSP)9.948051 |
| 795 | |tThe childhood immunization coverage survey in key populations (KPCICS) : |b2023|w(CaOODSP)9.933121 |
| 856 | 40|qPDF|s877 KB|uhttps://publications.gc.ca/collections/collection_2025/aspc-phac/HP5-259-2024-eng.pdf|z(report) |
| 856 | 4 |qHTML|sN/A|uhttps://epe.bac-lac.gc.ca/100/200/301/pwgsc-tpsgc/por-ef/public_health_agency_canada/2025/123-23-e/index.html|z(complete dataset) |